| 000 | 00649cam a22001931 4500 | ||
|---|---|---|---|
| 082 |
_a940.540942 _bCOW _cD |
||
| 100 | 1 |
_aCowie, Donald. _949315 |
|
| 245 | 1 | 0 |
_aWar for Britain ... _cby Donald Cowie. |
| 260 |
_aLondon, _bChapman & Hall ltd. _c[1941] |
||
| 300 |
_axiii, 265 p. _bfront., plates, ports. _c23 cm. |
||
| 490 | 0 | _aInner story of the empire in action, | |
| 500 | _a"First published 1941." | ||
| 500 | _a"September 1939 to September 1940." | ||
| 500 | _aMap on lining-papers. | ||
| 526 |
_a0 _b0 _c0 _d940_540942000000000_COW |
||
| 650 | 0 |
_aMCE _9379 |
|
| 650 | 0 |
_aWorld War, 1939-1945 _zGreat Britain _xColonies. _950023 |
|
| 942 |
_2ddc _cBK |
||
| 999 |
_c552756 _d552756 |
||